00361pab a2200121 454500008004000000100002200040245009800062260000900160300001100169362001200180650001000192773003700202180718b2001 xxu||||| |||| 00| 0 eng d aJeffrey, Patricia aA uniform customary code? Martial breakdown and women's economic entitlements in rural Bijnor c2001 ap.1-32 aJan-Apr aWomen aContribution to Indian Sociology